La producción de la investigación en la Universidad de Costa Rica
En este documento se trata de mostrar los adelantos de la Universidad de Costa rica en el área de investigación, los recursos que se dedican y el tiempo que se le asigna, considerando las características de los proyectos de investigación y la importancia que ésta tiene en el ámbito universitario. En...
Na minha lista:
| Autor Corporativo: | |
|---|---|
| Formato: | Texto |
| Publicado em: |
San Pedro de M. de O.:
UCR. Oficina de Publicaciones
|
| Assuntos: | |
| Tags: |
Adicionar Tag
Sem tags, seja o primeiro a adicionar uma tag!
|
MARC
| LEADER | 00000 a a2200000 04500 | ||
|---|---|---|---|
| 001 | 13731 | ||
| 003 | |||
| 040 | |||
| 020 | |a 9977-917-30-2 | ||
| 022 | |a 9977-917-30-2 | ||
| 090 | |a 025500 | ||
| 110 | |a UCR. Oficina de Planificación Universitaria | ||
| 245 | |a La producción de la investigación en la Universidad de Costa Rica | ||
| 260 | |a San Pedro de M. de O.: |b UCR. Oficina de Publicaciones | ||
| 300 | |a 143 p. | ||
| 300 | |b **no definido** | ||
| 520 | |a En este documento se trata de mostrar los adelantos de la Universidad de Costa rica en el área de investigación, los recursos que se dedican y el tiempo que se le asigna, considerando las características de los proyectos de investigación y la importancia que ésta tiene en el ámbito universitario. En los cuadros estadísticos se demuestra los costos que tienen los proyectos y las horas de trabajo que se les dedica. LOB/mb | ||
| 650 | |a INFORMACION | ||
| 650 | |a PRODUCCION | ||
| 650 | |a PROYECTOS DE INVESTIGACION | ||
| 650 | |a INDICES DE PRODUCCION | ||
| 650 | |a TECNOLOGIA | ||
| 650 | |a UNIVERSIDAD DE COSTA RICA | ||
| 650 | |a AUTORES | ||
| 650 | |a COSTOS DE DISTRIBUCION | ||
| 650 | |a HORAS DE TRABAJO | ||
| 999 | |c 7745 |d 7745 | ||



